000 00851nam a2200205Ia 4500
001 8339
003 GE_BSU
008 181216s||||||||xx |||||||||||||| ||und||
040 _cGE_BSU
245 _aსაპატრიარქოს უწყებანი.№41(697)2013.
245 _b5-11დეკემბერი
245 _cრედ:დეკანოზი დავით შარაშენიძე და სხვა.
260 _aთბილისი.
260 _bსაქართველოს საპატრიარქოს პრესცენტრის ყოველკვირეული გამოცემა.
260 _c2013
300 _a20გვ;29სმ.
653 _aპერიოდიკა
653 _aსაპატრიარქოს უწყებანი
942 _cCR
999 _c41666
_d41666